Alif / Alpha : (Record no. 5110)

MARC details
000 -LEADER
fixed length control field 00536 a2200181 4500
010 ## - LCCN (DPL NO)
LC control number ENG-86740
020 ## - INTERNATIONAL STANDARD BOOK NUMBER
International Standard Book Number 8181575326
Terms of availability 80.00
035 ## - SYSTEM CONTROL NUMBER
System control number EN-70273
037 ## - SOURCE OF ACQUISITION
Source of stock number/acquisition DBAD / PUB
082 14 - DEWEY DECIMAL CLASSIFICATION NUMBER
Classification number 881
100 ## - MAIN ENTRY--PERSONAL NAME
Personal name Merchant, Hoshang
245 1# - TITLE STATEMENT
Title Alif / Alpha :
Statement of responsibility, etc by Hoshang Merchant
Remainder of title poems for Ashfaque /
260 ## - PUBLICATION, DISTRIBUTION, ETC. (IMPRINT)
Place of publication, distribution, etc Kolkata
Name of publisher, distributor, etc Writers Workshop
Date of publication, distribution, etc 2006
270 ## - ADDRESS
Address 162/92, Lake Gardens,
City Kolkata
Postal code 700 045
300 ## - PHYSICAL DESCRIPTION
Extent 37p
Dimensions 22cm (Hb)
490 ## - SERIES STATEMENT
Series statement A writers workshop redbird book
942 ## - ADDED ENTRY ELEMENTS (KOHA)
Institution code [OBSOLETE] dpl
Item type English Books
Source of classification or shelving scheme Dewey Decimal Classification
Classification part 881
Call number suffix MER
Holdings
Withdrawn status Lost status Not for loan Collection code Home library Current library Source of acquisition Cost, normal purchase price Full call number Barcode Copy number Cost, replacement price Koha item type
    Not For Loan Non-fiction D.B.Act.Division D.B.Act.Division DBAD/PUB 80.00 881 MER EN-70273 1 80.00 English Books

© Delhi Public Library
Hit Counter
free hit counter